Engineering surveying technology (Record no. 88782)

MARC details
000 -LEADER
fixed length control field 00721cam a2200217 4500
008 - FIXED-LENGTH DATA ELEMENTS--GENERAL INFORMATION
fixed length control field 090401t1990 xxu||||| |||| 00| 0 eng d
020 ## - INTERNATIONAL STANDARD BOOK NUMBER
International Standard Book Number 0216924820
035 ## - SYSTEM CONTROL NUMBER
System control number (Sirsi) u25696
041 0# - LANGUAGE CODE
Language code of text/sound track or separate title eng
050 04 - LIBRARY OF CONGRESS CALL NUMBER
Classification number 526.902462
245 00 - TITLE STATEMENT
Title Engineering surveying technology
260 ## - PUBLICATION, DISTRIBUTION, ETC.
Place of publication, distribution, etc. Glasgow
Name of publisher, distributor, etc. Blackie
Place of publication, distribution, etc. New York, N.Y.
Name of publisher, distributor, etc. Halsted Press
Date of publication, distribution, etc. 1990
300 ## - PHYSICAL DESCRIPTION
Extent x, 485p.
Other physical details ill.
Dimensions 23cm.
350 ## - PRICE (NR) (BK AM CF MU VM SE) [OBSOLETE]
Price 85
520 ## - SUMMARY, ETC.
Summary, etc. Examines the major changes that have influenced the measurement and processing of topographic and non-topographic spatial data.
690 ## - LOCAL SUBJECT ADDED ENTRY--TOPICAL TERM (OCLC, RLIN)
Topical term or geographic name as entry element ENVIRONMENTAL AND LAND CONSULTANCY-GEOMATICS-ENGINEERING SURVEYING
700 1# - ADDED ENTRY--PERSONAL NAME
Personal name Kennie, T. J. M.
700 1# - ADDED ENTRY--PERSONAL NAME
Personal name Petrie, G.
942 ## - ADDED ENTRY ELEMENTS (KOHA)
Suppress in OPAC 0
948 ## - LOCAL PROCESSING INFORMATION (OCLC); SERIES PART DESIGNATOR (RLIN)
c (OCLC) 04/03/1997
Holdings
Withdrawn status Lost status Source of classification or shelving scheme Damaged status Not for loan Home library Current library Shelving location Date acquired Cost, normal purchase price Total Checkouts Full call number Barcode Date last seen Copy number Cost, replacement price Price effective from Koha item type
    Dewey Decimal Classification     London London Basement 14/09/1999 85.00   SHELF 318 30016981 06/08/2019 2 85.00 06/08/2019 Book